000 00721cam a2200241 a 4500
001 16670783
005 20180112101229.0
008 110228s2011 enka b 001 0 eng
010 _a 2011288043
020 _a9780199569120
040 _aDLC
_cDLC
041 _aeng
042 _apcc
080 _a371
082 _2371 RUX
100 1 _a46
101 _aEDU
245 1 0 _aExperimental design for the life sciences /
_cGraeme D. Ruxton, Nick Colegrave.
504 _aIncludes bibliographical references (p. [172]-175) and index.
906 _a7
_bcbc
_corigcop
_d2
_encip
_f20
_gy-gencatlg
942 _2ddc
_cBK
999 _c40229
_d40229